| 000 | 00394nam a2200133Ia 4500 | ||
|---|---|---|---|
| 008 | 220217s9999||||xx |||||||||||||| ||und|| | ||
| 020 | _a0-19-566747-6 | ||
| 082 | _a423 CAT | ||
| 100 |
_aCatherine, Soanes _93926 |
||
| 245 | 0 | _aCompact oxford dictionary thesaurus and world power guide | |
| 260 |
_aOxford university press _bNew Delhi _c2004 |
||
| 300 | _b299 | ||
| 650 |
_aDICTIONARY _9678 |
||
| 999 |
_c173106 _d173106 |
||